Концепт трехколесного грузового велосипеда-фургона; Современные проблемы машиностроения

গ্রন্থ-পঞ্জীর বিবরন
Parent link:Современные проблемы машиностроения.— 2020.— [С. 262-263]
প্রধান লেখক: Кабакаев Е. А.
সংস্থা লেখক: Национальный исследовательский Томский политехнический университет Инженерная школа информационных технологий и робототехники Отделение автоматизации и робототехники
অন্যান্য লেখক: Кухта М. С. Мария Сергеевна (научный руководитель)
সংক্ষিপ্ত:Заглавие с экрана
ভাষা:রুশ
প্রকাশিত: 2020
মালা:Дизайн и проектирование в машиностроении
বিষয়গুলি:
অনলাইন ব্যবহার করুন:http://earchive.tpu.ru/handle/11683/64070
বিন্যাস: MixedMaterials বৈদ্যুতিক গ্রন্থের অধ্যায়
KOHA link:https://koha.lib.tpu.ru/cgi-bin/koha/opac-detail.pl?biblionumber=632488

MARC

LEADER 00000naa2a2200000 4500
001 632488
005 20231101133720.0
035 |a (RuTPU)RU\TPU\conf\34196 
035 |a RU\TPU\conf\34195 
090 |a 632488 
100 |a 20201207a2020 k y0rusy50 ca 
101 0 |a rus 
102 |a RU 
105 |a y z 100zy 
135 |a drcn ---uucaa 
181 0 |a i  
182 0 |a b 
200 1 |a Концепт трехколесного грузового велосипеда-фургона  |f Е. А. Кабакаев  |g науч. рук. М. С. Кухта 
203 |a Текст  |c электронный 
225 1 |a Дизайн и проектирование в машиностроении 
230 |a 1 компьютерный файл (pdf; 532 Kb) 
300 |a Заглавие с экрана 
320 |a [Библиогр.: с. 263 (3 назв.)] 
463 0 |0 (RuTPU)RU\TPU\conf\34136  |t Современные проблемы машиностроения  |o сборник трудов XIII Международной научно-технической конференции, г. Томск, 26-30 октября 2020 г.  |f Национальный исследовательский Томский политехнический университет (ТПУ) ; под ред. Е. Н. Пашкова  |v [С. 262-263]  |d 2020 
610 1 |a электронный ресурс 
610 1 |a труды учёных ТПУ 
610 1 |a концепты 
610 1 |a велосипеды 
610 1 |a графическое представление 
610 1 |a конструкции 
610 1 |a грузовой транспорт 
700 1 |a Кабакаев  |b Е. А. 
702 1 |a Кухта  |b М. С.  |c специалист в области промышленного дизайна  |c профессор Томского политехнического университета, доктор философских наук  |f 1963-  |g Мария Сергеевна  |2 stltpush  |4 727 
712 0 2 |a Национальный исследовательский Томский политехнический университет  |b Инженерная школа информационных технологий и робототехники  |b Отделение автоматизации и робототехники  |h 7952  |2 stltpush  |3 (RuTPU)RU\TPU\col\23553 
801 2 |a RU  |b 63413507  |c 20201210  |g RCR 
856 4 |u http://earchive.tpu.ru/handle/11683/64070 
942 |c BK